Formula One: Championship Leads on Most Seasons - Statistics

General Stats
  • This quiz has been taken 365 times
  • The average score is 19 of 20
Answer Stats
N:o of seasons with a championship lead Driver Nationality Seasons % Correct
12 Lewis Hamilton United Kingdom 2007-2008, 2010, 2012, 2014-2021
100%
11 Michael Schumacher Germany 1994-1995, 1997-2004, 2006
100%
6 Sebastian Vettel Germany 2010-2013, 2017-2018
100%
7 Ayrton Senna Brazil 1986-1991, 1993
99%
5 Fernando Alonso Spain 2005-2007, 2010, 2012
99%
4 Kimi Räikkönen Finland 2003, 2007-2008, 2013
99%
10 Alain Prost France 1982-1990, 1993
98%
6 Niki Lauda Austria 1974-1977, 1983-1984
98%
3 Jenson Button United Kingdom 2009-2010, 2012
96%
6 Juan Manuel Fangio Argentina 1950-1951, 1954-1957
96%
3 Mika Häkkinen Finland 1998-2000
95%
5 Nelson Piquet Brazil 1980-1981, 1983, 1986-1987
93%
6 Jackie Stewart United Kingdom 1966, 1969-1973
91%
4 Emerson Fittipaldi Brazil 1972-1975
90%
4 Jack Brabham Australia 1959-1960, 1966, 1970
90%
4 Nigel Mansell United Kingdom 1986-1987, 1989, 1992
90%
5 Graham Hill United Kingdom 1962-1965, 1968
87%
4 Jim Clark United Kingdom 1963-1965, 1968
86%
3 Denny Hulme New Zealand 1967, 1972, 1974
81%
3 Carlos Reutemann Argentina 1977-1978, 1981
74%
No matching quizzes found
Score Distribution
Percent of People with Each Score
Percentile by Number Answered
Your Score History
You have not taken this quiz